Music Quiz

Random Music or Song Quiz

ABBA First Words Quiz Stats

 Plays Quiz not verified by Sporcle

Challenge
Share
Tweet
Embed
Score 0/22 Timer 05:00
0 Plays Today
Song First Word % Correct
WaterlooMy
84.6%
FernandoCan
84%
Honey HoneyHoney
82.4%
Take A Chance On MeIf
81.9%
ChiquititaChiquitita
81.9%
Dancing QueenYou
79.8%
Mamma MiaI
72.9%
S.O.S.Where
70.2%
Does Your Mother KnowYou're
69.1%
The Winner Takes It AllI
68.1%
Money, Money, MoneyI
66.5%
Song First Word % Correct
Gimme! Gimme! Gimme! (A Man After Midnight)Half
66.5%
Knowing Me, Knowing YouNo
63.8%
Super TrouperSuper
61.7%
Lay All Your Love On MeI
54.3%
One Of UsThey
47.3%
Slipping Through My FingersSchoolbag
47.3%
When All Is Said And DoneHere's
39.4%
Our Last SummerThe
36.7%
The Way Old Friends DoYou
33.5%
DisillusionChanging
25%
I Let The Music SpeakI'm
14.9%

You're not logged in!

Compare scores with friends on all Sporcle quizzes.
Join for Free
OR
Log In

You Might Also Like...

Show Comments

Extras

Created Jan 24, 2014ReportNominate
Tags:Song Quiz, abba

Top Quizzes Today


Score Distribution

Your Account Isn't Verified!

In order to create a playlist on Sporcle, you need to verify the email address you used during registration. Go to your Sporcle Settings to finish the process.

Report this User

Report this user for behavior that violates our Community Guidelines.

Details: